| 000 | 00367nam a2200145 4500 | ||
|---|---|---|---|
| 003 | OSt | ||
| 008 | 250124b |||||||| |||| 00| 0 eng d | ||
| 020 | _a9789387284616 | ||
| 100 | _aVACHHARAJANI, Vinay | ||
| 245 |
_aNumerical Analysis _bA Programming Approach |
||
| 260 |
_bBPB Publication _c2017 |
||
| 300 | _a577 | ||
| 650 | _a B. Tech Applied Sc | ||
| 942 |
_2ddc _cBK |
||
| 999 |
_c13010 _d13010 |
||